00341nam a2200133Ia 4500008004100000041001200041082002000053100002000073245003500093250001200128260002700140300000800167650003200175231217s9999 xx 000 0 und d aEnglish a658.827 CHU R aChunawalla, S A 0aCompendium of brand management a1st ed. c2004bHimalayaaMumbai a269 aCompendium,brand,management